00650nam a22001817a 450000500170000001000150001702000260003203500140005803700130007208200140008510000200009924501650011926000480028427000670033230000230039970000240042270000220044620260618124304.0 aENG-148885 a9781316634943c495.00 aEN-132417 bDBAD/PUB a915.36804 aAnderson, Clare aNew Histories of The Andaman Islands:cClare Anderson, Madhumita Mazumdar [and] Vishvajit PandyabLandscape, Place and Identity in the Bay of Bengal, 1790-2012/ aNew DelhibCambridge University Pressc2016 a4843/24, 2nd Floor, Ansari Road, Daryaganj,bNew Delhie110002 a324p.c22.5cm(Pb); aMazumdar, Madhumita aPandya, Vishvajit